000 01406nam a22002297a 4500
999 _c60113
_d60113
003 Ge_BSU
005 20230609130207.0
008 230609s2016 ge ||||| |||| 00| 0 geo d
020 _a9789941460302
041 _ageo
080 _a929(479.22)+821.353.1-94 მ-25
245 _aმამულისათვის თავდადებული :
_b[ჟიული შარტავა] /
_cრედაქტორი ცისანა ანთაძე ; წინათქმა ნათელა დუმბაძე.
264 _aბათუმი :
_b ს.ს. ”გამომცემლობა აჭარა,
_c2016.
300 _a412 გვ. :
_b ფოტ. ;
_c20 სმ.
500 _aწიგნი იბეჭდება ქ. ბათუმის მერიის მხარდაჭერითა და თანადგომით.
520 _aრეზიუმე ქართ., ინგლ. და რუს. ენებზე
653 _aშარტავა, ჟიული, 1944-1993.
653 _aცნობილ ქართველ ადამიანთა ბიოგრაფიები.
700 _aანთაძე, ცისანა
_eრედაქტორი
_94062
700 _aდუმბაძე, ნათელა
_eწინასიტყვაობის ავტორი
_911584
942 _2udc
_cBK